How well do you know birds? - Statistics

General Stats
  • This quiz has been taken 10 times
  • The average score is 3 of 12
Answer Stats
Hint Answer % Correct
How many families of barbets are there? Four
70%
What colour is the female Orange Dove? Green
60%
This species drops bones and may have killed Pliny Lammergeier
30%
This bird has a long, decurved bill Curlews
20%
Which branch of the bird tree is the oldest? Palaeognathae
20%
From Latin for "sparrow" Passeriformes
20%
From Latin meaning "I am green" Vireo
20%
What is the national bird of Costa Rica? Clay-colored Robin
10%
This species tail feathers vibrate when it's flying, making a galloping horse sound. Jack Snipe
10%
This duck species had to have its named changed because it was racist. Long-tailed Duck
10%
This genus has the most species Zosterops
10%
What is the second-most numerous order of birds? Apodiformes
0%
No matching quizzes found
Score Distribution
Percent of People with Each Score
Percentile by Number Answered
Your Score History
You have not taken this quiz